Statistics for 90 Degree East Meridian Countries

Click here to take the quiz!

General Stats

  • This quiz has been taken 333 times
  • The average score is 19 of 20

Answer Stats

degreescountry% Correct
China
99%
Russia
99%
India
98%
Bangladesh
97%
Bhutan
97%
2.15°Burma
97%
Mongolia
97%
1.81°Nepal
97%
7.30°Thailand
96%
12.32°Cambodia
94%
5.01°Indonesia
94%
10.07°Laos
94%
14.70°Pakistan
93%
12.11°Vietnam
93%
9.63°Malaysia
92%
8.13°Sri Lanka
90%
13.60°Singapore
89%
2.71°Kazakhstan
86%
14.95°Tajikistan
85%
9.86°Kyrgyzstan
77%

Score Distribution

Percentile by Number Answered

Percent of People with Each Score

Your Score History

You have not taken this quiz